The ruler's gaze : (Record no. 96956)
[ view plain ]
| 000 -LEADER | |
|---|---|
| fixed length control field | 00509cam a22001695i 4500 |
| 001 - CONTROL NUMBER | |
| control field | 19693543 |
| 005 - DATE AND TIME OF LATEST TRANSACTION | |
| control field | 20170811102919.0 |
| 008 - FIXED-LENGTH DATA ELEMENTS--GENERAL INFORMATION | |
| fixed length control field | 170607s2017 ii 000 0 eng |
| 020 ## - INTERNATIONAL STANDARD BOOK NUMBER | |
| International Standard Book Number | 9789352641024 |
| 040 ## - CATALOGING SOURCE | |
| Transcribing agency | PK-LaUMT |
| 082 ## - DEWEY DECIMAL CLASSIFICATION NUMBER | |
| Classification number | 954.0359 |
| Item number | SHA-R |
| 100 ## - MAIN ENTRY--PERSONAL NAME | |
| Personal name | Sharma, Arvind |
| 245 04 - TITLE STATEMENT | |
| Title | The ruler's gaze : |
| Remainder of title | a study of British rule over India from a Saidian perspective / |
| Statement of responsibility, etc | Arvind Sharma |
| 260 ## - PUBLICATION, DISTRIBUTION, ETC. (IMPRINT) | |
| Place of publication, distribution, etc | Noida, India : |
| Name of publisher, distributor, etc | HarperCollins Publishers India, |
| Date of publication, distribution, etc | 2017 |
| 300 ## - PHYSICAL DESCRIPTION | |
| Extent | viii, 427 p. |
| 942 ## - ADDED ENTRY ELEMENTS (KOHA) | |
| Koha item type | Books |
| Withdrawn status | Lost status | Damaged status | Home library | Current library | Date acquired | Full call number | Barcode | Date last seen | Price effective from | Koha item type |
|---|---|---|---|---|---|---|---|---|---|---|
| UMT Main Campus | UMT Main Campus | 2017-08-11 | 954.0359 SHA-R | 112496 | 2024-01-29 | 2017-08-11 | Books |
